000
00313nam a2200133Ia 4500
100
_a
Leventhal/L.A
942
_c
BK
654
_a
Language Programming
245
_a
8080 A 8085 Assembly Language Programming
260
_b
McGraw Hill
_a
California
_c
1986
082
_a
1.6
_b
Lev
546
_a
ENGLISH
999
_c
33415
_d
33415